000 01678cam a2200397 i 4500
001 data
005 20260322212104.0
008 data
035 _a20281667
906 _a7
_bcbc
_ccopycat
_d2
_encip
_f20
_gy-gencatlg
925 0 _aacquire
_b1 shelf copy
_xpolicy default
010 _a 2018931595
020 _a9781605953922
_qhardcover
020 _a160595392X
_qhardcover
035 _a(OCoLC)1022488443
040 _aYDX
_beng
_cYDX
_erda
_dDLC
_dDLC
042 _alccopycat
050 0 0 _aRT97
_b.P66 2018
060 4 _aWY 108
082 0 4 _a610.73/4
_223
245 0 0 _aPopulation health and its integration into advanced nursing practice /
_cedited by Mary A. Bemker, PhD, PsyS, LADC, LPCC, CCFP, CCTP, CNE, RN, Associate Professor, School of Nursing Touro University Nevada, Christine Ralyea, DNP, MS-NP, MBA, NE-BC, CNL, OCN, CCRN, Assistant Vice President Patient Care Services-Carolinas Medical Center, Adjunct Faculty, Queen University Charlotte, NC.
264 1 _aLancaster, Pennsylvania :
_bDEStech Publications, Inc.,
_c[2018]
300 _axxiii, 528 pages ;
_c24 cm
336 _atext
_btxt
_2rdacontent
337 _aunmediated
_bn
_2rdamedia
338 _avolume
_bnc
_2rdacarrier
504 _aIncludes bibliographical references and index.
650 0 _aPublic health nursing.
650 0 _aPublic health nursing
_xPractice.
650 0 _aPublic health.
650 2 _aPublic Health Nursing.
650 2 _aPublic Health.
700 1 _aBemker, Mary A.,
_eeditor.
700 1 _aRalyea, Christine,
_eeditor.
999 _c1510
_d1510